00222nam a22000857a 4500020001800000100001800018245002800036250001800064260005400082 a9780689878879 aSonia Manzano aMiracle on 133rd Street aFirst edition aNew York bAtheneum Books for Young Readersc2015